Portuguese irregular verbs [sound recording] : a Professor Dr. Von Igelfeld entertainment / Alexander McCall Smith.
Record details
- ISBN: 1402590504
- Physical Description: 4 sound discs (4 hr.); digital; 4 3/4 in.
- Edition: Unabridged.
- Publisher: Prince Frederick, MD : Recorded Books, p2004.
Content descriptions
| Participant or Performer Note: | Performed by Paul Hecht. |
Search for related items by subject
| Subject: | College teachers > Fiction. Humorous stories.. Audiobooks. |
| LDR | 00945nim a2200265 a 4500 | ||
|---|---|---|---|
| 001 | 127551 | ||
| 003 | CONS | ||
| 005 | 20140703073304.0 | ||
| 007 | sd fsngnnumnnd | ||
| 008 | 050120s2004 mdunnn f n eng d | ||
| 020 | . | ‡a1402590504 | |
| 028 | 0 | 2. | ‡aC2731 ‡bRecorded Books |
| 035 | . | ‡a(CPomAG)LMN495985 | |
| 100 | 1 | . | ‡aMcCall Smith, Alexander, ‡d1948- |
| 245 | 1 | 0. | ‡aPortuguese irregular verbs ‡h[sound recording] : ‡ba Professor Dr. Von Igelfeld entertainment / ‡cAlexander McCall Smith. |
| 250 | . | ‡aUnabridged. | |
| 260 | . | ‡aPrince Frederick, MD : ‡bRecorded Books, ‡cp2004. | |
| 300 | . | ‡a4 sound discs (4 hr.); ‡bdigital; ‡c4 3/4 in. | |
| 511 | 0 | . | ‡aPerformed by Paul Hecht. |
| 650 | 0. | ‡aCollege teachers ‡vFiction. | |
| 650 | 0. | ‡aHumorous stories.. | |
| 650 | 0. | ‡aAudiobooks. | |
| 700 | 1 | . | ‡aHecht, Paul. |
| 959 | . | ‡i32269000720287 ‡lBK/CD McC ‡aAdult - Audiobook ‡tAudiobook ‡g36.75 | |
| 852 | . | ‡p32269000720287 ‡jBK/CD McC ‡gAdult - Audiobook ‡cAudiobook ‡y36.75 ‡bSBPL | |
| 901 | . | ‡a127551 ‡bUnknown ‡c127551 ‡tbiblio | |